Singapore : (Record no. 114963)
[ view plain ]
| 000 -LEADER | |
|---|---|
| fixed length control field | 00421nam a2200145 a 4500 |
| 005 - DATE AND TIME OF LATEST TRANSACTION | |
| control field | 20140414132117.0 |
| 008 - FIXED-LENGTH DATA ELEMENTS--GENERAL INFORMATION | |
| fixed length control field | 110120s19uu xx 00 eng d |
| 020 ## - INTERNATIONAL STANDARD BOOK NUMBER | |
| International Standard Book Number | |
| 050 ## - LIBRARY OF CONGRESS CALL NUMBER | |
| Classification number | REF 959.57 |
| Item number | SI6 1990 |
| 100 ## - MAIN ENTRY--PERSONAL NAME | |
| Personal name | |
| 245 ## - TITLE STATEMENT | |
| Title | Singapore : |
| Remainder of title | Islan, city, state. |
| 520 ## - SUMMARY, ETC. | |
| Summary, etc | An overview of the geography, history, government, economy, people, and culture of Singapore. |
| 650 ## - SUBJECT ADDED ENTRY--TOPICAL TERM | |
| Topical term or geographic name as entry element | Singapore. |
| Withdrawn status | Lost status | Damaged status | Home library | Current library | Shelving location | Date acquired | Source of acquisition | Total Checkouts | Full call number | Barcode | Date last seen | Price effective from | Koha item type |
|---|---|---|---|---|---|---|---|---|---|---|---|---|---|
| Munich Library | Munich Library | Reference Section | 01/20/2011 | REF 959.57 SI6 1990 | M6905 | 04/14/2014 | 04/14/2014 | Books |